Dialogue avec le visible
Na minha lista:
| Autor principal: | |
|---|---|
| Formato: | Livro |
| Idioma: | francês |
| Publicado em: |
París
Flammarion
1955
|
| coleção: | Connaissance de la Peinture
|
| Assuntos: | |
| Tags: |
Adicionar Tag
Sem tags, seja o primeiro a adicionar uma tag!
|
MARC
| LEADER | 00000nam a2200000 a 4500 | ||
|---|---|---|---|
| 001 | UCQ2407 | ||
| 003 | CL-VaPUC | ||
| 008 | 980724e19550000FR |||||||||||||||||fre|d | ||
| 082 | 0 | 4 | |a 709 |b HUY |2 21 |
| 100 | |a Huyghe, René |e author |9 567849 | ||
| 245 | 1 | 0 | |a Dialogue avec le visible |
| 300 | |a 447 p | ||
| 942 | |c BK | ||
| 945 | |d 19980724 00:00:00 |a crobeson | ||
| 260 | |a París |b Flammarion |c 1955 | ||
| 650 | 0 | |a Artes |9 268202 | |
| 650 | 0 | |a Teoría del arte |9 387638 | |
| 650 | 0 | |a Artes plásticas |9 268637 | |
| 650 | 0 | |a Bellas artes |9 334299 | |
| 583 | |a last modification |c 19980724 00:00:00 |k Rodrigo Vera | ||
| 490 | 0 | |a Connaissance de la Peinture | |
| 999 | |c 273231 |d 273229 | ||
| 952 | |0 0 |1 0 |4 0 |6 709_000000000000000_HUY_1955 |7 0 |8 P |9 308620 |a BIBEDU |b BIBEDU |c BIBEDU_PB |d 2019-11-20 |i 1445235 |o 709 HUY 1955 |p 1445235 |r 2024-01-25 |w 2019-11-20 |y BK |k LIT | ||